| 000 | 00572nam a2200193 a 4500 | ||
|---|---|---|---|
| 005 | 20210223122015.0 | ||
| 008 | 991125s1961 par 000 0 fre u | ||
| 035 | _aUPN01000027706 | ||
| 049 | _aCG | ||
| 050 | 4 |
_aD359 _bD8.3 |
|
| 100 | 1 |
_aDuroselle, _dJean-Baptist |
|
| 245 | 1 | 0 |
_aHistoire 1848-1914 / _cJean-Baptiste Duroselle [y] Pierre Gerbert. |
| 260 |
_aParĂs : _bF. Nathan, _c1961. |
||
| 300 |
_av. : _bil., retrs. |
||
| 440 | 0 | _aCollection Jean Monnier | |
| 651 | 4 |
_aEUROPA - _xHISTORIA - _y1789-1900 _96940 |
|
| 700 | 1 |
_aGerbert, Pierre, _ecoaut. |
|
| 905 | _aLibro | ||
| 999 |
_c27706 _d27706 |
||